Manual de cálculo de construcciones en madera

Gespeichert in:
Bibliographische Detailangaben
1. Verfasser: Pérez Galaz, Vicente A (VerfasserIn)
Format: Buch
Sprache:Spanisch
Veröffentlicht: Santiago Instituto Forestal 1983
Schlagworte:
Tags: Tag hinzufügen
Keine Tags, Fügen Sie den ersten Tag hinzu!

MARC

LEADER 00000nam a2200000 a 4500
001 UCU9492
003 CL-VaPUC
008 960823e19830000CL |||||||||||||||||spa|d
082 0 4 |a 694.1  |b PER  |2 21 
100 0 |a Pérez Galaz, Vicente A  |e author  |9 368662 
245 1 0 |a Manual de cálculo de construcciones en madera 
300 |a 57 p 
942 |c BK 
945 |d 19960823 00:00:00  |a rleighto 
260 |a Santiago  |b Instituto Forestal  |c 1983 
650 7 |a CONSTRUCCIONES DE MADERA  |2 CL-VaPUC  |9 368663 
650 0 |a Materiales de construcción  |9 260197 
650 0 |a Diseño de estructuras  |9 260345 
650 0 |a Madera  |9 262357 
650 0 |a Propiedades físicas  |9 342981 
650 0 |a Propiedades mecánicas   |9 262507 
650 0 |a Manuales  |9 257144 
583 |a last modification  |c 19960823 00:00:00  |k Rodrigo Vera 
999 |c 251223  |d 251221 
952 |0 0  |1 0  |4 0  |6 694_100000000000000_PER_1983  |7 0  |8 A  |9 270245  |a BIBARQ  |b BIBARQ  |d 2019-11-19  |i 3222519  |o 694.1 PER 1983  |p 3222519  |r 2025-01-20  |w 2019-11-19  |y BK  |k ARQ